000 00948cam a2200193 4500
001 L129297
008 050408n1996 000 0 eng u
020 _a0943130182
035 _a(Sirsi) u129297
041 _aeng
050 _a692.3
_c18
110 _aBuilding Owners and Managers Association
_93928
245 _aStandard method for measuring floor area in office buildings
260 _aNew York
_bBOMA
_c1996
300 _avi, 27p.
_c28cm.
520 _aOriginally developed in 1915, this standard is a building-wide method of measurement and has been revised to allow spaces that benefit all the building occupants to be measured and allocated on a pro-rata basis. The standard has been revised to include changes in office designs and introduces and illustrates concepts such as floor usable area, floor rentable area, floor common area and building common area.
650 _aPROPERTY-COMMERCIAL PROPRTY-OFICE PROPERTY
942 _n0
999 _c104141
_d104141